| 000 | 00761nam a2200241 u 4500 | ||
|---|---|---|---|
| 005 | 20240228064257.0 | ||
| 008 | 170208s2009 es r 000 0 spa d | ||
| 020 | _a9788444141060 | ||
| 035 | _aUPN01000215863 | ||
| 049 | _aI | ||
| 050 | 4 |
_aBF723 I6.46 _bC3.5 |
|
| 100 | 1 |
_aCarreño, Maite _934605 |
|
| 245 | 1 | 0 |
_aMaría Ite y el empujón / _cMaite Carreño ; il. Tesa González. |
| 260 |
_aLeón, Esp. : _bEverest, _c2009. |
||
| 300 |
_a32 p. : _bil. col. |
||
| 440 | 0 |
_aLeer es vivir. _pA partir de 5 años |
|
| 650 | 4 |
_aRELACIONES INTERPERSONALES EN NIÑOS _910513 |
|
| 650 | 7 |
_aAmistad entre niños _2 _94319 |
|
| 650 | 4 |
_aMANEJO DEL SALON DE CLASES _95630 |
|
| 650 | 4 |
_aLibros y lectura para niños _92290 |
|
| 905 | _aInfantil | ||
| 999 |
_c187963 _d187963 |
||